| 000 | 00000nam 2200000za 4500 |
| 001 | 9.699305 |
| 003 | CaOODSP |
| 005 | 20221107134528 |
| 007 | cr ||||||||||| |
| 008 | 150407s1974||||xxca||||o f000 0 eng d |
| 040 | |aCaOODSP|beng |
| 043 | |an-cn--- |
| 086 | 1 |aA53-1530/1974E-PDF |
| 100 | 1 |aLawrence, C. H. |
| 245 | 10|aCommon and powdery scab of potato |h[electronic resource] / |cC.H. Lawrence. |
| 260 | |aOttawa : |bAgriculture Canada, |c1974. |
| 300 | |a7, [1] p. : |bill. |
| 500 | |a"This publication replaces Publication 953, Common Scab of Potato"--p. [2]. |
| 500 | |aHistorical publication digitized by Agriculture and Agri-Food Canada. |
| 590 | |a14-11-Supp|b2014-05-21 |
| 690 | 07|aPlant diseases|2gcpds |
| 690 | 07|aPotatoes|2gcpds |
| 710 | 1 |aCanada.|bAgriculture Canada.|bResearch Branch. |
| 775 | 08|tGale commune et gale poudreuse de la pomme de terre |w(CaOODSP)9.643049 |
| 856 | 40|ahttp://publications.gc.ca|qPDF|s755 KB|uhttps://publications.gc.ca/collections/collection_2014/aac-aafc/agrhist/A53-1530-1974-eng.pdf |
| 986 | |a1530 |